000 00428nam a2200157Ia 4500
008 240729s9999 xx 000 0 und d
022 _a2168-9083
245 0 _aJournal of Research Initiatives
260 _aUnited States
260 _bDigital Commons/Bepress
650 _a Education (General)
650 _aEducation
856 _uhttps://doaj.org/toc/40deb96fd3aa49798c94ef43244aeb09
942 _2ddc
942 _cDOAJEJ
999 _c72108
_d72108
945 _a1
_bMadushi Gamage
_c1
_dMadushi Gamage